000 01651nam0a2200313 4500
001 RU\NLR\b_ik\90701
005 20260407081603.0
035 _a(NLR Aleph) 002164760
090 _a2573551
_c2573551
100 _a20020823d2001 |||y0rusy50 ca
101 0 _aeng
102 _aRU
105 _ay |||||||||
200 1 _a"Sandanski-2": European East-West coordination meeting on nuclear science
_fW. von Oertzen, R. Kalpakchieva
210 _aDubna
_cJoint inst. for nuclear research
_d2001
215 _a24 с.
_d22
225 1 _aСообщения Объединенного института ядерных исследований, Дубна
_vE7-2001-239
300 _aНа 3-й с. обл.: "Сандански-2": Европ. совещание по сотрудничеству Восток-Запад в области ядерной науки / фон Эрцен В., Калпакчиева Р.
300 _aРез. на рус. яз.
541 0 _a"Сандански-2": Европейское совещание по сотрудничеству Восток-Запад в области ядерной науки
_zrus
606 0 _aЯдерная медицина
_jСъезды, совещания и т.п.
_91040201
_3RU\NLR\AUTH\6682507
686 1 _aР36я431(3)
700 1 _aOertzen
_bW.
_f1939-
_gW. von
_4070
701 1 _aKalpakčieva
_bR. G.
_gRumjana Georgievna
_4070
711 1 2 _8eng
_aEuropean East-West coordination meeting on nuclear science
_d2
_f2001
_eSandanski
_7ba
_3RU\NLR\AUTH\8810042130
_9583663
801 0 _aRU
_bNLR
_c20020823
_gPSBO
942 _cBOOK
980 _aNB